000
00313nam a2200121Ia 4500
008
190216s9999||||xx |||||||||||||| ||und||
100
_a
Lyalikov &vulatov M
245
0
_a
Problems In Physicochemical Methods Of Analysis
260
_b
Mir Publishers
_c
1974
300
_a
328p
650
_a
Chemistry
942
_c
BK
999
_c
2137
_d
2137